Normal view
MARC view
Entry Topical Term
001 - CONTROL NUMBER
- control field: 55023
003 - CONTROL NUMBER IDENTIFIER
- control field: OSt
005 - DATE AND TIME OF LATEST TRANSACTION
- control field: 20241011100157.0
008 - FIXED-LENGTH DATA ELEMENTS
- fixed length control field: 241011|| aca||aabn | a|a d
040 ## - CATALOGING SOURCE
- Original cataloging agency: OSt
- Transcribing agency: OSt
150 ## - HEADING--TOPICAL TERM
- Topical term or geographic name entry element: မြတ်စောညီနောင်ဘုရား
- Form subdivision: သမိုင်း
670 ## - SOURCE DATA FOUND
- Source citation: Work cat.: (OSt)16818: အောင်ခင်၊ ဦး၊ ဆရာ။ 17400, မြတ်စောညီနောင်ဘုရားသမိုင်းနှင့်တောင်ငူရာဇဝင် /, ခုနှစ်မပါ။